[Event "I HSL seniorke 2019"]
[Site "Mali Losinj"]
[Date "2019.09.28"]
[Round "1.11"]
[White "Ivekovic, Ana"]
[Black "Cvitan, Ena"]
[Result "0-1"]
[WhiteElo "2054"]
[BlackElo "2182"]
[PlyCount "86"]
[EventDate "2019.09.28"]
[WhiteTeam "ŠD Sisak, Sisak"]
[BlackTeam "ŠK Draga, Rijeka"]

1. d4 Nf6 2. c4 e6 3. Nf3 Bb4+ 4. Bd2 c5 5. Qc2 Nc6 6. e3 Bxd2+ 7. Nbxd2 cxd4
8. Nxd4 Nxd4 9. exd4 d5 10. c5 O-O 11. Bd3 b6 12. b4 Re8 13. Nf3 a5 14. Bb5 Bd7
15. c6 Qc7 16. Ba4 Bc8 17. b5 e5 18. O-O e4 19. Ne5 Ng4 20. Nxg4 Bxg4 21. Bb3
Rad8 22. Qd2 Re6 23. Rfe1 Rh6 24. g3 Qc8 25. Qe3 Rf6 26. Bd1 Rf3 27. Qg5 h6 28.
Qh4 Rd6 29. Bxf3 Bxf3 30. g4 Bxg4 31. Re3 Bf3 32. Kf1 Rg6 33. Rxf3 exf3 34. Qf4
Qh3+ 35. Ke1 Rg1+ 36. Kd2 Rxa1 37. Qb8+ Kh7 38. c7 Qf1 39. Qg8+ Kg6 40. c8=Q
Qe2+ 41. Kc3 Rc1+ 42. Kb3 Qd3+ 43. Kb2 Rb1# 0-1

[Event "I HSL seniorke 2019"]
[Site "Mali Losinj"]
[Date "2019.09.28"]
[Round "1.12"]
[White "Djukic, Sandra"]
[Black "Kuhar, Larisa"]
[Result "1-0"]
[WhiteElo "2179"]
[BlackElo "1998"]
[PlyCount "65"]
[EventDate "2019.09.28"]
[WhiteTeam "ŠK Draga, Rijeka"]
[BlackTeam "ŠD Sisak, Sisak"]

1. d4 d5 2. c4 dxc4 3. Nf3 Nf6 4. e3 e6 5. Bxc4 c5 6. O-O a6 7. dxc5 Bxc5 8.
Qxd8+ Kxd8 9. Nbd2 Ke7 10. Be2 Rd8 11. Ne5 Nd5 12. Ne4 Ba7 13. b3 b5 14. Bb2
Bb7 15. Rfc1 b4 16. Bf3 f6 17. Nc4 Nc6 18. Rc2 Rac8 19. Rac1 a5 20. Kf1 g6 21.
Ke1 e5 22. Ned2 Ke6 23. Bg4+ f5 24. Bh3 Nde7 25. Nf3 h6 26. Ncxe5 Nxe5 27. Nxe5
g5 28. Rxc8 Rxc8 29. Rxc8 Bxc8 30. e4 Bb8 31. exf5+ Nxf5 32. Nc6 Bc7 33. Nd4+
1-0

[Event "I HSL seniorke 2019"]
[Site "Mali Losinj"]
[Date "2019.09.28"]
[Round "1.13"]
[White "Ivekovic, Zvjezdana"]
[Black "Berke, Ana"]
[Result "0-1"]
[WhiteElo "1779"]
[BlackElo "2060"]
[PlyCount "86"]
[EventDate "2019.09.28"]
[WhiteTeam "ŠD Sisak, Sisak"]
[BlackTeam "ŠK Draga, Rijeka"]

1. d4 d5 2. c4 e6 3. Nf3 a6 4. a4 c5 5. Nc3 Nf6 6. e3 Nc6 7. b3 cxd4 8. exd4
Bb4 9. Bd2 dxc4 10. Bxc4 Nxd4 11. Ne5 Qa5 12. Ne2 Bxd2+ 13. Qxd2 Nc2+ 14. Kd1
Qxd2+ 15. Kxd2 Nxa1 16. Rxa1 Nd7 17. Nf3 O-O 18. Rd1 Rb8 19. Nc3 Nb6 20. Bd3
Nd5 21. Nxd5 exd5 22. Nd4 Bd7 23. Be2 Rfe8 24. Bf3 Be6 25. Re1 g6 26. Re5 Rbd8
27. Re3 Kg7 28. Be2 h5 29. h3 Bd7 30. Rd3 b5 31. axb5 Bxb5 32. Nxb5 axb5 33.
Rd4 Re4 34. Rxe4 dxe4+ 35. Ke3 b4 36. Kxe4 f5+ 37. Ke3 h4 38. Kf3 Kf6 39. g3 g5
40. Bc4 Ke5 41. Bb5 Rc8 42. Bc4 Rxc4 43. bxc4 b3 0-1

[Event "I HSL seniorke 2019"]
[Site "Mali Losinj"]
[Date "2019.09.28"]
[Round "1.14"]
[White "Bogdanic, Katarina"]
[Black "Turk, Vesna"]
[Result "1-0"]
[WhiteElo "1899"]
[BlackElo "1694"]
[PlyCount "53"]
[EventDate "2019.09.28"]
[WhiteTeam "ŠK Draga, Rijeka"]
[BlackTeam "ŠD Sisak, Sisak"]

1. c4 e6 2. Nf3 d5 3. g3 d4 4. d3 Nf6 5. Bg2 c5 6. Na3 Nc6 7. O-O Bd6 8. e3 O-O
9. exd4 cxd4 10. Nc2 e5 11. b4 a6 12. Rb1 Re8 13. Re1 Rb8 14. Bg5 h6 15. Bxf6
gxf6 16. Nh4 Be6 17. Be4 Qd7 18. Qh5 Bf8 19. Bf5 Bxf5 20. Nxf5 Kh7 21. Re4 Ne7
22. Qxf7+ Kh8 23. Qxf6+ Kh7 24. Qf7+ Kh8 25. Rxe5 Rbd8 26. Rbe1 Qa4 27. Rxe7
1-0

[Event "I HSL seniorke 2019"]
[Site "Mali Losinj"]
[Date "2019.09.28"]
[Round "1.21"]
[White "Eric, Jovana"]
[Black "Smetisko, Marija"]
[Result "1-0"]
[WhiteElo "2270"]
[BlackElo "1845"]
[PlyCount "45"]
[EventDate "2019.09.28"]
[WhiteTeam "ŠK Đakovo-Lim-Mont, Đakovo"]
[BlackTeam "ŠK Ericsson Nikola Tesla, Zagreb"]

1. e4 e5 2. Nc3 Nc6 3. g3 Nf6 4. Bg2 Bc5 5. d3 d6 6. h3 Be6 7. Na4 Qd7 8. Nxc5
dxc5 9. Be3 Qd6 10. Nf3 c4 11. dxc4 Nxe4 12. Qxd6 Nxd6 13. b3 Nb4 14. O-O-O f6
15. Kb2 a5 16. Ne1 O-O 17. Bc5 Rfd8 18. Bxb4 axb4 19. Nd3 Ra6 20. Nxb4 Rb6 21.
Nd5 Bxd5 22. Bxd5+ Kf8 23. c5 1-0

[Event "I HSL seniorke 2019"]
[Site "Mali Losinj"]
[Date "2019.09.28"]
[Round "1.21"]
[White "Vodopija, Irina"]
[Black "Sulc, Gordana"]
[Result "1/2-1/2"]
[WhiteElo "1704"]
[BlackElo "1882"]
[PlyCount "47"]
[EventDate "2019.09.28"]
[WhiteTeam "ŠK Ericsson Nikola Tesla, Zagreb"]
[BlackTeam "ŠK Đakovo-Lim-Mont, Đakovo"]

1. d4 Nf6 2. Nf3 b6 3. Bf4 Bb7 4. Nbd2 g6 5. e3 d6 6. Be2 Nh5 7. Bg3 Bg7 8. c3
Nd7 9. Qc2 a5 10. e4 Qc8 11. d5 c6 12. dxc6 Qxc6 13. a4 Ba6 14. Bxa6 Rxa6 15.
O-O Nxg3 16. hxg3 O-O 17. Rfe1 b5 18. axb5 Qxb5 19. Nd4 Qb7 20. Reb1 Rc8 21.
Qd3 Nc5 22. Qe3 e5 23. Ne2 a4 24. Ra3 1/2-1/2

[Event "I HSL seniorke 2019"]
[Site "Mali Losinj"]
[Date "2019.09.28"]
[Round "1.23"]
[White "Mican, Karmela"]
[Black "Samardzic, Ana"]
[Result "1-0"]
[WhiteElo "1885"]
[BlackElo "1618"]
[PlyCount "45"]
[EventDate "2019.09.28"]
[WhiteTeam "ŠK Đakovo-Lim-Mont, Đakovo"]
[BlackTeam "ŠK Ericsson Nikola Tesla, Zagreb"]

1. e4 e5 2. Nf3 Nc6 3. Bc4 Nf6 4. d3 h6 5. c3 d5 6. exd5 Nxd5 7. Qb3 Na5 8.
Qa4+ c6 9. Nxe5 Nxc4 10. Qxc4 Be6 11. Qe4 Bd6 12. d4 Qc7 13. O-O Nf6 14. Qe2
O-O 15. Nd2 Rfe8 16. f4 c5 17. Kh1 cxd4 18. cxd4 Bd5 19. Qd3 Re7 20. b3 Nd7 21.
Ndc4 Nxe5 22. fxe5 Bb4 23. Bf4 1-0

[Event "I HSL seniorke 2019"]
[Site "Mali Losinj"]
[Date "2019.09.28"]
[Round "1.24"]
[White "Alaber, Maja"]
[Black "Ascic, Josipa"]
[Result "1/2-1/2"]
[WhiteElo "1494"]
[BlackElo "1692"]
[PlyCount "80"]
[EventDate "2019.09.28"]
[WhiteTeam "ŠK Ericsson Nikola Tesla, Zagreb"]
[BlackTeam "ŠK Đakovo-Lim-Mont, Đakovo"]

1. e4 e5 2. Nf3 Nf6 3. Nc3 d6 4. Bc4 Be7 5. O-O O-O 6. d3 c6 7. a4 a5 8. Be3
Ng4 9. Bd2 b6 10. h3 Nf6 11. d4 exd4 12. Nxd4 Bb7 13. Nf5 Nbd7 14. Bf4 Ne5 15.
Bxe5 dxe5 16. Qxd8 Bxd8 17. Nd6 Ba6 18. Rad1 Bxc4 19. Nxc4 Bc7 20. Nd6 Rfd8 21.
Nf5 Kf8 22. f3 Rxd1 23. Rxd1 Rd8 24. Rxd8+ Bxd8 25. Kf2 g6 26. Ne3 Nd7 27. g3
Ke7 28. f4 exf4 29. gxf4 Bc7 30. Kf3 f6 31. Kg4 h5+ 32. Kf3 Nc5 33. b3 Ne6 34.
Ne2 Kd6 35. Nc4+ Kc5 36. c3 b5 37. Nb2 Kd6 38. Nd3 Bb6 39. h4 Ng7 40. Ng3 Bd8
1/2-1/2

[Event "I HSL seniorke 2019"]
[Site "Mali Losinj"]
[Date "2019.09.28"]
[Round "1.31"]
[White "Janzelj, Lara"]
[Black "Salimova, Nurgyul"]
[Result "0-1"]
[WhiteElo "2159"]
[BlackElo "2425"]
[PlyCount "112"]
[EventDate "2019.09.28"]
[WhiteTeam "ŠŠK Konaki, Novo Virje"]
[BlackTeam "ŠK Liburnija, Rijeka"]

1. c4 d6 2. g3 e5 3. Nc3 g6 4. Bg2 Bg7 5. Nf3 Nc6 6. d3 Nge7 7. Rb1 a5 8. a3
O-O 9. O-O Bg4 10. h3 Bd7 11. b4 axb4 12. axb4 Qc8 13. Kh2 h6 14. e3 f5 15. b5
Nd8 16. Bb2 Ne6 17. d4 e4 18. Nd2 c5 19. Na4 Qc7 20. d5 Ng5 21. Bxg7 Kxg7 22.
b6 Qd8 23. Nc3 Nf7 24. f3 exf3 25. Nxf3 Nc8 26. e4 Nxb6 27. Qb3 Ra6 28. Rbe1
Re8 29. exf5 Rxe1 30. Rxe1 Bxf5 31. Nb5 Ra4 32. Nh4 Rxc4 33. Nxf5+ gxf5 34. Re6
f4 35. Qb2+ Kf8 36. Nxd6 fxg3+ 37. Kg1 Rb4 38. Qc3 Rb1+ 39. Bf1 g2 40. Kxg2
Qg5+ 41. Kh2 Qf4+ 42. Qg3 Qxg3+ 43. Kxg3 Rxf1 44. Nxf7 Nxd5 45. Nd8 c4 46. Nxb7
Rb1 47. Nd8 Rb3+ 48. Kg4 c3 49. Rc6 c2 50. Ne6+ Kf7 51. Nd4 Rb4 52. Rxc2 Rxd4+
53. Kh5 Kg7 54. Rg2+ Kh7 55. Rf2 Nf4+ 56. Kh4 Ne2+ 0-1

[Event "I HSL seniorke 2019"]
[Site "Mali Losinj"]
[Date "2019.09.28"]
[Round "1.32"]
[White "Saric, Kristina"]
[Black "Svaljek, Radmila"]
[Result "1-0"]
[WhiteElo "2222"]
[BlackElo "1950"]
[PlyCount "89"]
[EventDate "2019.09.28"]
[WhiteTeam "ŠK Liburnija, Rijeka"]
[BlackTeam "ŠŠK Konaki, Novo Virje"]

1. e4 e6 2. d4 d5 3. Nd2 dxe4 4. Nxe4 Bd7 5. Nf3 Bc6 6. Bd3 Nd7 7. O-O Ngf6 8.
Ned2 Be7 9. Nc4 O-O 10. Na5 Nb6 11. Nxc6 bxc6 12. Ne5 c5 13. Nc6 Qd6 14. Nxe7+
Qxe7 15. dxc5 Qxc5 16. Be3 Qb4 17. Bd4 Rad8 18. Bxf6 gxf6 19. Re1 f5 20. Qc1
Kh8 21. c3 Qh4 22. Qe3 Qf6 23. Rad1 Rg8 24. Bf1 Rxd1 25. Rxd1 Rd8 26. Rxd8+
Qxd8 27. c4 Qf6 28. Qa3 Kg7 29. Qg3+ Kf8 30. Qxc7 Qxb2 31. Qb8+ Kg7 32. c5 Qxa2
33. cxb6 axb6 34. Qxb6 Qa1 35. g3 Qe5 36. Qe3 Qf6 37. f4 h5 38. h4 Kg6 39. Be2
Kh6 40. Qe5 Qxe5 41. fxe5 f6 42. exf6 Kg6 43. Bxh5+ Kxf6 44. Bf3 f4 45. g4 1-0

[Event "I HSL seniorke 2019"]
[Site "Mali Losinj"]
[Date "2019.09.28"]
[Round "1.33"]
[White "Radikovic, Anamarija"]
[Black "Spiranec, Noemi"]
[Result "1/2-1/2"]
[WhiteElo "1929"]
[BlackElo "2084"]
[PlyCount "84"]
[EventDate "2019.09.28"]
[WhiteTeam "ŠŠK Konaki, Novo Virje"]
[BlackTeam "ŠK Liburnija, Rijeka"]

1. d4 Nf6 2. c4 e6 3. Nc3 Bb4 4. e3 O-O 5. Nge2 d5 6. cxd5 exd5 7. g3 c6 8. Bg2
Bf5 9. O-O Qd7 10. f3 Bh3 11. Bxh3 Qxh3 12. Nf4 Qd7 13. a3 Be7 14. b3 Na6 15.
Ra2 Rad8 16. Rd2 Nc7 17. Kh1 Rfe8 18. Nd3 Bd6 19. Re2 b6 20. Bb2 c5 21. Nb1
cxd4 22. Bxd4 Qe7 23. a4 Bc5 24. Nc3 Ne6 25. Ne5 Rc8 26. Qd3 Bxd4 27. exd4 Qb4
28. Nb5 a6 29. Na7 Nxd4 30. Nxc8 Nxe2 31. Qxe2 Rxc8 32. Qxa6 Re8 33. f4 Qxb3
34. Qb7 d4 35. Rf3 Qd1+ 36. Kg2 Rf8 37. Rd3 Qxa4 38. Qxb6 Qc2+ 39. Kh3 Qc8+ 40.
Kg2 Qc2+ 41. Kh3 Qc8+ 42. Kg2 Qc2+ 1/2-1/2

[Event "I HSL seniorke 2019"]
[Site "Mali Losinj"]
[Date "2019.09.28"]
[Round "1.41"]
[White "Krivec, Jana"]
[Black "Lukenda, Tina"]
[Result "1-0"]
[WhiteElo "2203"]
[BlackElo "2047"]
[PlyCount "73"]
[EventDate "2019.09.28"]
[WhiteTeam "ŠK Goranka, Ravna Gora"]
[BlackTeam "ŠK Kastav, Kastav"]

1. e4 d5 2. exd5 Qxd5 3. Nc3 Qd8 4. Bc4 Nf6 5. Nf3 e6 6. O-O Be7 7. d4 c6 8.
Qe2 O-O 9. Rd1 Qc7 10. Ne5 b5 11. Bd3 Bb7 12. Bf4 Qc8 13. Ne4 Nxe4 14. Qxe4 f5
15. Qe2 Bf6 16. Nf3 Re8 17. c4 bxc4 18. Bxc4 Ba6 19. Rac1 Bxc4 20. Qxc4 Qb7 21.
b3 a5 22. Re1 Kf7 23. Bxb8 Raxb8 24. Qxc6 Qxc6 25. Rxc6 Rb4 26. Ra6 a4 27. Rxa4
Rxa4 28. bxa4 Ra8 29. Ne5+ Ke7 30. a5 Bxe5 31. Rxe5 Rd8 32. d5 Kd6 33. Rxe6+
Kxd5 34. Re7 g5 35. Rxh7 Kc5 36. g3 f4 37. Kg2 1-0

[Event "I HSL seniorke 2019"]
[Site "Mali Losinj"]
[Date "2019.09.28"]
[Round "1.42"]
[White "Dasic, Jelena"]
[Black "Starcevic, Andrea"]
[Result "0-1"]
[WhiteElo "1768"]
[BlackElo "1888"]
[PlyCount "102"]
[EventDate "2019.09.28"]
[WhiteTeam "ŠK Kastav, Kastav"]
[BlackTeam "ŠK Goranka, Ravna Gora"]

1. d4 d5 2. Bf4 e6 3. Nf3 Nf6 4. h3 c5 5. e3 Bd6 6. Ne5 Qc7 7. Nd2 Nbd7 8. Ndf3
O-O 9. c3 Ne4 10. Bd3 f6 11. Nxd7 Bxd7 12. Bxd6 Nxd6 13. O-O Bb5 14. dxc5 Qxc5
15. Nd4 Bxd3 16. Qxd3 Rfe8 17. Rfd1 Rad8 18. a4 Nc4 19. b4 Qc7 20. Nb5 Qb8 21.
Qd4 a6 22. Na3 e5 23. Qc5 b6 24. Qc6 Rd6 25. Qxe8+ Qxe8 26. Nxc4 Rc6 27. Nb2
Rxc3 28. Rxd5 Qc6 29. Rad1 Rc1 30. Kh2 Rxd1 31. Rxd1 Qc2 32. Rd8+ Kf7 33. Nd3
Qc7 34. Ra8 Qd7 35. Nb2 Qd2 36. Nc4 Qxb4 37. Rc8 b5 38. axb5 axb5 39. Nb6 Qd6
40. Na8 Qa6 41. Rb8 Qa2 42. Rxb5 Qxa8 43. Rc5 Qa2 44. f3 Qa7 45. Rc3 Qa5 46.
Rb3 e4 47. f4 g5 48. fxg5 Qxg5 49. Rb7+ Kg6 50. Rb3 Qd5 51. Rb1 Qd3 0-1

[Event "I HSL seniorke 2019"]
[Site "Mali Losinj"]
[Date "2019.09.28"]
[Round "1.43"]
[White "Klaric, Nikolina"]
[Black "Vujic, Agata"]
[Result "1/2-1/2"]
[WhiteElo "1731"]
[BlackElo "1714"]
[PlyCount "59"]
[EventDate "2019.09.28"]
[WhiteTeam "ŠK Goranka, Ravna Gora"]
[BlackTeam "ŠK Kastav, Kastav"]

1. d4 d5 2. Bg5 h6 3. Bh4 Bf5 4. e3 Nd7 5. c4 c6 6. Nc3 Ngf6 7. Nf3 e6 8. cxd5
exd5 9. Bd3 Bg4 10. Be2 Bd6 11. a3 Qc7 12. h3 Be6 13. Bxf6 Nxf6 14. Rc1 a6 15.
b4 O-O 16. Nd2 Qb8 17. Nb3 Bf5 18. Na4 Re8 19. Nac5 Re7 20. Bd3 Be6 21. Nxe6
fxe6 22. O-O e5 23. dxe5 Bxe5 24. Qe2 Qc7 25. Nc5 Rf8 26. Bf5 Qb8 27. Rfd1 Bd6
28. Ne6 Rfe8 29. Nd4 a5 30. Rb1 1/2-1/2

[Event "I HSL seniorke 2019"]
[Site "Mali Losinj"]
[Date "2019.09.28"]
[Round "1.44"]
[White "Okanovic, Jasmina"]
[Black "Batory, Lucija"]
[Result "1/2-1/2"]
[WhiteElo "1633"]
[BlackElo "1683"]
[PlyCount "60"]
[EventDate "2019.09.28"]
[WhiteTeam "ŠK Kastav, Kastav"]
[BlackTeam "ŠK Goranka, Ravna Gora"]

1. d4 d5 2. Bf4 Bf5 3. Nf3 Nf6 4. e3 e6 5. Nbd2 c5 6. c3 Nc6 7. Ne5 Nxe5 8.
Bxe5 Be7 9. Bb5+ Kf8 10. dxc5 Bxc5 11. Nb3 Bd6 12. Bg3 Ne4 13. Bd3 Nxg3 14.
hxg3 Qf6 15. Bxf5 Qxf5 16. Nd4 Qf6 17. Qf3 Qxf3 18. gxf3 Ke7 19. Rd1 h6 20. Ke2
Rhd8 21. f4 Bc5 22. Nf3 b5 23. Ne5 Rac8 24. a3 a5 25. Nd3 Rd7 26. Nxc5 Rxc5 27.
Rd4 Rc4 28. Rhd1 Rdc7 29. R1d2 Kf6 30. Kf3 R7c5 1/2-1/2

[Event "I HSL seniorke 2019"]
[Site "Mali Losinj"]
[Date "2019.09.28"]
[Round "1.51"]
[White "Havanecz, Bianka"]
[Black "Repkova, Eva"]
[Result "1-0"]
[WhiteElo "2279"]
[BlackElo "2315"]
[PlyCount "109"]
[EventDate "2019.09.28"]
[WhiteTeam "HAŠK Mladost, Zagreb"]
[BlackTeam "ŠK Polet, Buševec"]

1. d4 e6 2. c4 Nf6 3. g3 d5 4. Bg2 Be7 5. Nf3 O-O 6. O-O dxc4 7. Qc2 a6 8. a4
Nc6 9. Qxc4 Qd5 10. Nbd2 Rd8 11. e3 Rb8 12. Qc2 Qh5 13. h3 e5 14. dxe5 Nd5 15.
g4 Qh6 16. Nc4 Ndb4 17. Qe2 Qe6 18. Ra3 b5 19. axb5 axb5 20. Na5 Nxe5 21. Nd4
Qb6 22. Bd2 Nd5 23. Raa1 c5 24. e4 Nb4 25. Nf5 Bf8 26. Ne3 Qg6 27. f4 Ned3 28.
f5 Qf6 29. Bc3 Qh6 30. e5 c4 31. Kh1 Bc5 32. Bd2 Qb6 33. f6 g6 34. Nd1 Nd5 35.
b3 Ba6 36. bxc4 bxc4 37. e6 fxe6 38. f7+ Kg7 39. Nc3 Bd4 40. Rab1 Qd6 41. Rxb8
Rxb8 42. Ne4 Qd7 43. Ng5 Ne5 44. Bf4 Nxf4 45. Rxf4 Rb1+ 46. Kh2 Nxf7 47. Rxf7+
Qxf7 48. Nxf7 c3 49. Qe4 Rd1 50. Ng5 c2 51. Nxe6+ Kg8 52. Nb3 Bg1+ 53. Kg3 Rd3+
54. Bf3 Rxb3 55. Qxc2 1-0

[Event "I HSL seniorke 2019"]
[Site "Mali Losinj"]
[Date "2019.09.28"]
[Round "1.52"]
[White "Medic, Mirjana"]
[Black "Blazeka, Mihaela"]
[Result "1-0"]
[WhiteElo "2186"]
[BlackElo "2092"]
[PlyCount "67"]
[EventDate "2019.09.28"]
[WhiteTeam "ŠK Polet, Buševec"]
[BlackTeam "HAŠK Mladost, Zagreb"]

1. d4 Nf6 2. c4 e6 3. Nc3 Bb4 4. Qc2 O-O 5. a3 Bxc3+ 6. Qxc3 Ne4 7. Qc2 f5 8.
Nh3 b6 9. f3 Nf6 10. e3 Bb7 11. Be2 d6 12. Bd2 Ne4 13. O-O-O Nxd2 14. Rxd2 Nd7
15. Rg1 Qh4 16. Rdd1 Qh6 17. Qd2 Rad8 18. Rdf1 e5 19. Bd3 g6 20. f4 Nf6 21. Ng5
Rfe8 22. d5 c6 23. dxc6 Bxc6 24. Bc2 d5 25. cxd5 Bxd5 26. Qb4 Ng4 27. Re1 exf4
28. exf4 Qxh2 29. Rxe8+ Rxe8 30. Rd1 Ne3 31. Bb3 Rc8+ 32. Kb1 Bxb3 33. Qxb3+
Nc4 34. Qf3 1-0

[Event "I HSL seniorke 2019"]
[Site "Mali Losinj"]
[Date "2019.09.28"]
[Round "1.53"]
[White "Ljikar, Tamara"]
[Black "Roklicer, Heike"]
[Result "1-0"]
[WhiteElo "1917"]
[BlackElo "2032"]
[PlyCount "65"]
[EventDate "2019.09.28"]
[WhiteTeam "HAŠK Mladost, Zagreb"]
[BlackTeam "ŠK Polet, Buševec"]

1. e4 c6 2. d4 g6 3. Nc3 d5 4. e5 Bg7 5. f4 h5 6. Nf3 Nh6 7. Be3 Bf5 8. Qd2 Nd7
9. Be2 Ng4 10. Bg1 Nf8 11. h3 Nh6 12. O-O-O b5 13. Nh4 Bd7 14. Bf3 Nf5 15. Bf2
e6 16. Nxf5 gxf5 17. g4 hxg4 18. hxg4 Rxh1 19. Rxh1 Qa5 20. gxf5 exf5 21. Kb1
O-O-O 22. a3 Re8 23. Qd3 Qb6 24. Ne2 Kc7 25. Ng3 Ng6 26. Be3 Ne7 27. Rh7 Rg8
28. Nh5 Bf8 29. Nf6 Be6 30. Nxg8 Nxg8 31. Bh5 Ne7 32. Bxf7 Bxf7 33. Rxf7 1-0

[Event "I HSL seniorke 2019"]
[Site "Mali Losinj"]
[Date "2019.09.28"]
[Round "1.54"]
[White "Dejanovic, Tereza"]
[Black "Blazeka, Ivana"]
[Result "1/2-1/2"]
[WhiteElo "1854"]
[BlackElo "1564"]
[PlyCount "154"]
[EventDate "2019.09.28"]
[WhiteTeam "ŠK Polet, Buševec"]
[BlackTeam "HAŠK Mladost, Zagreb"]

1. e4 e5 2. Nf3 Nc6 3. Bb5 a6 4. Ba4 Nf6 5. O-O Be7 6. Re1 b5 7. Bb3 O-O 8. h3
d6 9. c3 Na5 10. Bc2 c5 11. d4 Qc7 12. d5 Re8 13. Nbd2 Bd7 14. Nf1 h6 15. Ng3
Bf8 16. Nh4 Rac8 17. Qf3 Qd8 18. Nhf5 Bxf5 19. Nxf5 Nc4 20. a4 Nb6 21. axb5
axb5 22. b3 Ra8 23. Rxa8 Nxa8 24. Be3 Nd7 25. Ra1 Nab6 26. Qe2 c4 27. b4 Qc7
28. Ra5 Ra8 29. Rxb5 Ra3 30. Bxb6 Nxb6 31. Qe3 Nc8 32. Kh2 Na7 33. Rb6 Rxc3 34.
Qxc3 Qxb6 35. Ne3 Nb5 36. Qxc4 Na3 37. Qb3 Nxc2 38. Nxc2 Qxf2 39. Qd3 Qf4+ 40.
Kg1 Qc1+ 41. Kf2 Be7 42. b5 Bd8 43. Ke2 Bb6 44. Qc4 Bc5 45. Qb3 Qg1 46. Qf3 Qb1
47. Qd3 Qg1 48. g4 Kf8 49. Kd2 Ke7 50. Kc3 Qb1 51. Qc4 g6 52. Qd3 Ke8 53. Qc4
Ke7 54. Qd3 Ke8 55. Qe2 Ke7 56. Qd3 Kd7 57. Qf3 Ke7 58. Qe2 Kd7 59. g5 hxg5 60.
Qg4+ Kc7 61. Qxg5 Qxb5 62. Qf6 Qd7 63. h4 Kb6 64. Ne1 Kb5 65. Qf1+ Kb6 66. Qf6
Qc7 67. Kd3 Qd7 68. Kc3 Qc7 69. Kd3 Qd7 70. Nf3 Qb5+ 71. Kd2 Qb4+ 72. Kd1 Qxe4
73. Qd8+ Kb7 74. Qd7+ Kb8 75. Qd8+ Kb7 76. Qd7+ Kb8 77. Qd8+ Kb7 1/2-1/2

[Event "I HSL seniorke 2019"]
[Site "Mali Losinj"]
[Date "2019.09.29"]
[Round "2.12"]
[White "Medic, Mirjana"]
[Black "Djukic, Sandra"]
[Result "1-0"]
[WhiteElo "2186"]
[BlackElo "2179"]
[PlyCount "169"]
[EventDate "2019.09.28"]
[WhiteTeam "ŠK Polet, Buševec"]
[BlackTeam "ŠK Draga, Rijeka"]

1. d4 d5 2. c4 dxc4 3. Nc3 a6 4. a4 Nc6 5. e3 Na5 6. Nf3 c6 7. Ne5 Be6 8. Bd2
Nf6 9. Be2 g6 10. O-O Bg7 11. Qc2 O-O 12. Rad1 Qc7 13. Na2 c3 14. Qxc3 Nb3 15.
Be1 Nc5 16. Qxc5 Bxa2 17. Ba5 Qd6 18. Bb4 Qxc5 19. Bxc5 Bb3 20. Ra1 Rfe8 21.
Ra3 Be6 22. Bf3 Rad8 23. Bb6 Rc8 24. e4 Nd7 25. Nxd7 Bxd7 26. Rd1 e5 27. dxe5
Be6 28. b4 Bxe5 29. a5 Bf6 30. Be2 g5 31. h3 Be5 32. Kf1 Kg7 33. Bg4 Bxg4 34.
hxg4 Bf6 35. f3 Re7 36. Rad3 Rce8 37. Bc5 Rc7 38. Rd7 Rxd7 39. Rxd7 Rd8 40.
Rxb7 Rd1+ 41. Ke2 Rb1 42. Rd7 Bc3 43. Bd4+ Bxd4 44. Rxd4 Kf6 45. Rc4 Ke5 46.
Rxc6 Rxb4 47. Rxa6 Rb2+ 48. Ke3 Ra2 49. Ra7 f6 50. Re7+ Kd6 51. Rxh7 Rxa5 52.
Rh8 Ra3+ 53. Kf2 Ra2+ 54. Kg3 Ra3 55. Rd8+ Ke6 56. Rd2 Rb3 57. Kf2 Ra3 58. g3
Ra4 59. Ke3 Ra3+ 60. Rd3 Ra1 61. f4 Re1+ 62. Kf3 gxf4 63. gxf4 Rf1+ 64. Ke3 Rg1
65. f5+ Ke7 66. Kf4 Rf1+ 67. Rf3 Re1 68. Re3 Rf1+ 69. Kg3 Rg1+ 70. Kf3 Rf1+ 71.
Kg2 Ra1 72. e5 fxe5 73. Rxe5+ Kf6 74. Re6+ Kg5 75. Rg6+ Kf4 76. Kf2 Ra2+ 77.
Ke1 Ke3 78. Kd1 Rh2 79. Kc1 Ke4 80. f6 Ke5 81. g5 Ke6 82. Rg7 Rh1+ 83. Kd2 Rg1
84. f7 Ke7 85. g6 1-0

[Event "I HSL seniorke 2019"]
[Site "Mali Losinj"]
[Date "2019.09.29"]
[Round "2.13"]
[White "Berke, Ana"]
[Black "Roklicer, Heike"]
[Result "1-0"]
[WhiteElo "2060"]
[BlackElo "2032"]
[PlyCount "87"]
[EventDate "2019.09.28"]
[WhiteTeam "ŠK Draga, Rijeka"]
[BlackTeam "ŠK Polet, Buševec"]

1. c4 e5 2. Nc3 Nf6 3. g3 Bb4 4. Bg2 Bxc3 5. bxc3 O-O 6. e4 d6 7. Ne2 Bg4 8. f3
Be6 9. d3 Nfd7 10. O-O Nc6 11. Be3 Qc8 12. Qd2 Ne7 13. g4 f6 14. Ng3 Qe8 15.
Rab1 b6 16. Qe2 g5 17. h4 h6 18. Nf5 Bxf5 19. gxf5 Qh5 20. hxg5 fxg5 21. Qf2
Nf6 22. Qg3 Kh7 23. Kf2 Qh4 24. Qxh4 gxh4 25. Rh1 Kg7 26. Rxh4 Rh8 27. Rbh1 h5
28. Bg5 Neg8 29. Bh3 Kf7 30. Bg4 Rb8 31. Bxh5+ Nxh5 32. Rxh5 Rxh5 33. Rxh5 Kg7
34. a4 a6 35. Rh1 Nf6 36. Bxf6+ Kxf6 37. Rh7 b5 38. cxb5 axb5 39. axb5 Rxb5 40.
Rxc7 Rb2+ 41. Ke3 Rb6 42. f4 d5 43. fxe5+ Kxe5 44. Rc5 1-0

[Event "I HSL seniorke 2019"]
[Site "Mali Losinj"]
[Date "2019.09.29"]
[Round "2.14"]
[White "Dejanovic, Tereza"]
[Black "Bogdanic, Katarina"]
[Result "1/2-1/2"]
[WhiteElo "1854"]
[BlackElo "1899"]
[PlyCount "70"]
[EventDate "2019.09.28"]
[WhiteTeam "ŠK Polet, Buševec"]
[BlackTeam "ŠK Draga, Rijeka"]

1. e4 c5 2. c3 d5 3. exd5 Qxd5 4. d4 g6 5. Nf3 Bg7 6. Be3 Nf6 7. h3 cxd4 8.
Bxd4 O-O 9. Nbd2 Nc6 10. Bc4 Qd8 11. Be3 Bf5 12. O-O Rc8 13. Re1 Qc7 14. Ng5
Nd8 15. Qa4 h6 16. Ngf3 Nc6 17. Bf4 Qb6 18. Bb5 a6 19. Bxc6 Qxc6 20. Qxc6 Rxc6
21. Nd4 Rcc8 22. N2f3 Nd5 23. Bh2 Bd7 24. Rad1 Rfd8 25. Ne5 Be8 26. Bg3 e6 27.
Bh4 g5 28. Bg3 Kh7 29. Rd3 Nf6 30. Red1 Ne4 31. Bh2 Nc5 32. R3d2 Ne4 33. Rd3
Nc5 34. R3d2 Ne4 35. Rd3 Nc5 1/2-1/2

[Event "I HSL seniorke 2019"]
[Site "Mali Losinj"]
[Date "2019.09.29"]
[Round "2.21"]
[White "Lukenda, Tina"]
[Black "Havanecz, Bianka"]
[Result "0-1"]
[WhiteElo "2047"]
[BlackElo "2279"]
[PlyCount "44"]
[EventDate "2019.09.28"]
[WhiteTeam "ŠK Kastav, Kastav"]
[BlackTeam "HAŠK Mladost, Zagreb"]

1. d4 d5 2. Nf3 Nf6 3. Bg5 Ne4 4. Bf4 Nd7 5. e3 Ndf6 6. h3 c6 7. c3 h6 8. Bd3
Bf5 9. Ne5 e6 10. O-O g5 11. Bh2 h5 12. f3 Nd6 13. c4 Bg7 14. c5 Bxd3 15. Qxd3
Nf5 16. e4 dxe4 17. Qb3 Qxd4+ 18. Kh1 O-O 19. Qxb7 Rab8 20. Qxa7 Rxb2 21. Nxc6
Qd3 22. Na3 Qe2 0-1

[Event "I HSL seniorke 2019"]
[Site "Mali Losinj"]
[Date "2019.09.29"]
[Round "2.22"]
[White "Blazeka, Mihaela"]
[Black "Dasic, Jelena"]
[Result "1-0"]
[WhiteElo "2092"]
[BlackElo "1768"]
[PlyCount "59"]
[EventDate "2019.09.28"]
[WhiteTeam "HAŠK Mladost, Zagreb"]
[BlackTeam "ŠK Kastav, Kastav"]

1. e4 c5 2. Nf3 e6 3. c4 Nc6 4. d4 cxd4 5. Nxd4 Nf6 6. Nc3 Bb4 7. Nxc6 bxc6 8.
Bd3 Qc7 9. O-O O-O 10. Qe2 d6 11. Na4 e5 12. a3 Ba5 13. b4 Bb6 14. Nxb6 axb6
15. Bb2 c5 16. f4 Nd7 17. f5 Rd8 18. b5 Bb7 19. Rf3 f6 20. h4 Nf8 21. g4 Qf7
22. Raf1 Ra4 23. Rg3 Rda8 24. g5 d5 25. exd5 Bxd5 26. cxd5 Rxh4 27. gxf6 Qxd5
28. Qg2 e4 29. Rxg7+ Kh8 30. Re7 1-0

[Event "I HSL seniorke 2019"]
[Site "Mali Losinj"]
[Date "2019.09.29"]
[Round "2.23"]
[White "Vujic, Agata"]
[Black "Ljikar, Tamara"]
[Result "0-1"]
[WhiteElo "1714"]
[BlackElo "1917"]
[PlyCount "48"]
[EventDate "2019.09.28"]
[WhiteTeam "ŠK Kastav, Kastav"]
[BlackTeam "HAŠK Mladost, Zagreb"]

1. e4 c5 2. Nf3 e6 3. d4 cxd4 4. Nxd4 Nc6 5. Nf3 Qc7 6. Be3 Nf6 7. Bd3 d5 8.
Nc3 Bb4 9. Bd2 Bxc3 10. Bxc3 dxe4 11. Bxf6 exf3 12. Bc3 fxg2 13. Rg1 Qxh2 14.
Kd2 Qf4+ 15. Ke1 Bd7 16. Rxg2 Ne5 17. Be2 O-O-O 18. Ba5 Bc6 19. Bxd8 Rxd8 20.
Qxd8+ Kxd8 21. Rxg7 Qb4+ 22. Kf1 Qh4 23. Rd1+ Ke7 24. Ke1 Qe4 0-1